| 000 | 00685nam a2200193Ii 4500 | ||
|---|---|---|---|
| 003 | JO-AjNU | ||
| 008 | 230605s9999||||xx |||||||||||||| ||und|| | ||
| 040 |
_aJO-AjNU _bara _erda _cJO-AjNU |
||
| 041 | _aara | ||
| 050 | 1 | 4 | _aQA76.758.H36 2006 |
| 100 | 3 |
_aحسين ، زاهر الحاج (مترجم), _eauthor _930054 |
|
| 245 | 0 | 0 | _aهندسة البرمجيات ثنائية الهندسة والادارة |
| 264 | 3 | 1 | _aدمشق:حارة الرباط ،2006 |
| 300 | _a923ص | ||
| 336 |
_atext _btxt _2rdacontent |
||
| 337 |
_aunmediated _bn _2rdamedia |
||
| 338 |
_avolume _bnc _2rdacarrier |
||
| 650 | 4 |
_aهندسة البرمجيات - الحاسب الالكتروني _930055 |
|
| 999 |
_aA11869 _c15437 _d15437 |
||